Diáspora sefardí / (Record no. 11402)

MARC details
000 -LEADER
campo de control de longitud fija 00852nam a22002775i 4500
001 - NÚMERO DE CONTROL
campo de control 11402
003 - IDENTIFICADOR DE NÚMERO DE CONTROL
campo de control ES-MaACL
005 - FECHA Y HORA DE LA ÚLTIMA TRANSACCIÓN
campo de control 20250801100231.0
007 - CAMPO FIJO DE DESCRIPCIÓN FÍSICA--INFORMACIÓN GENERAL
campo de control de longitud fija t|
008 - DATOS DE LONGITUD FIJA--INFORMACIÓN GENERAL
campo de control de longitud fija 921125s1992 sp ||||0| spa j
020 ## - NÚMERO INTERNACIONAL ESTÁNDAR DEL LIBRO
Número Internacional Estándar del Libro 84-7100-245-0
040 ## - FUENTE DE CATALOGACIÓN
Centro catalogador/agencia de origen M-BN
Lengua de catalogación spa
Centro/agencia transcriptor M-BN
080 ## - NÚMERO DE LA CLASIFICACIÓN DECIMAL UNIVERSAL
Número de la Clasificación Decimal Universal 9(=605)
245 00 - MENCIÓN DEL TÍTULO
Título Diáspora sefardí /
Mención de responsabilidad, etc. María Antonia Bel Bravo (coordinadora) ; Yosef Kaplan ... [et al.].
260 ## - PUBLICACIÓN, DISTRIBUCIÓN, ETC.
Lugar de publicación, distribución, etc. Madrid :
Nombre del editor, distribuidor, etc. Mapfre,
Fecha de publicación, distribución, etc. D.L. 1992.
300 ## - DESCRIPCIÓN FÍSICA
Extensión 313 p ;
Dimensiones 23 cm.
490 1# - MENCIÓN DE SERIE
Mención de serie Colección Sefarad ;
Designación de volumen o secuencia XVII/6
500 ## - NOTA GENERAL
Nota general Indice.
504 ## - NOTA DE BIBLIOGRAFÍA, ETC.
Nota de bibliografía, etc. Bibliografía: 297-300.
650 14 - PUNTO DE ACCESO ADICIONAL DE MATERIA--TÉRMINO DE MATERIA
Término de materia o nombre geográfico como elemento de entrada Sefardíes-
Subdivisión general Historia.
9 (RLIN) 17014
700 1# - ENTRADA AGREGADA--NOMBRE PERSONAL
Nombre de persona Bel Bravo, María Antonia.
9 (RLIN) 27110
700 1# - ENTRADA AGREGADA--NOMBRE PERSONAL
Nombre de persona Kaplan, Yosef.
9 (RLIN) 67529
830 00 - PUNTO DE ACCESO ADICIONAL DE SERIE-TÍTULO UNIFORME
Título uniforme Colección Sefarad
Designación de volumen o secuencia XVII/6
9 (RLIN) 179051
852 ## - LOCALIZACIÓN
Ubicación ES-MaACL
Número de control de estantería L-18727
Sublocalización o colección R.124118
Holdings
Estatus retirado Estado de pérdida Estado de daño No para préstamo Biblioteca de origen Biblioteca actual Ubicación en estantería Fecha de adquisición Fuente de adquisición Total de préstamos Signatura topográfica completa Código de barras Visto por última vez Precio de reemplazo Tipo de ítem Koha
        Biblioteca del Ateneo de Madrid Biblioteca del Ateneo de Madrid Depósito 2 17/01/2008     L-18727 1011625 23/02/2023 23/02/2023 Libro impreso